00505nam a2200145Ia 4500003000900000005001700009008004100026040002800067110003000095245005700125260008000182300004100262504002400303650003200327DO-SdBJH20180416175024.0180414s9999 dr 000 0 spa d aDO-SdBJHbspacDO-SdBJH aEscuela de las Américas10aAnexo B: Contratación / Escuela de las Américas aFuerte Benning, Georgia : Cuartel General Secretaría del Ejército, 1994 a65 páginas en varias paginaciones aIncluye apéndices 4aLiderazgo -- Contratación